| 000 | 01023cam a22002894a 4500 | ||
|---|---|---|---|
| 999 |
_c11306 _d11306 |
||
| 001 | 15090705 | ||
| 003 | OSt | ||
| 005 | 20191223152120.0 | ||
| 008 | 071123s2009 ohua b 001 0 eng | ||
| 010 | _a 2007941977 | ||
| 020 | _a9788131519424 | ||
| 020 | _a8131519422 | ||
| 040 |
_aDLC _cDLC |
||
| 050 | 0 | 0 |
_aHD30.22 _b.H57 2009 |
| 082 |
_a338.5024658 _bHIR/M |
||
| 100 | 1 |
_aHirschey, Mark _9700 |
|
| 245 | 1 | 0 |
_aManagerial economics / _cMark Hirschey. |
| 250 | _a12th ed. | ||
| 260 |
_aDelhi: _bCengage Learning, _c2013. |
||
| 300 |
_axxvii, 836 p. : _bill. ; _c27 cm. + _e1 access code |
||
| 500 | _aIncludes access code to InfoTrac College Edition and economic applications (academic.cengage.com/login) | ||
| 504 | _aIncludes bibliographical references and index. | ||
| 650 | 0 | _aManagerial economics. | |
| 906 |
_a0 _bibc _corigcop _d3 _eepcn _f20 _gy-gencatlg |
||
| 942 |
_2ddc _cBK _h338.5024658 _iHIR/M _k338.5024658 _mHIR/M |
||